Quiz Football N°2 - Statistiques

Statistiques générales
  • Ce quiz a été pris 349 fois
  • Le résultat moyen est 7 sur 10
Statistiques - réponses
Question Réponse % Correct
Lors de l’Euro 2000, quel joueur inscrit le but vainqueur de la France en finale face à l’Italie ? David Trezeguet
100%
Quel joueur est surnommé le "Hollandais non volant" ? Dennis Bergkamp
100%
Quel est le plus vieux joueur pro toujours en jeu ? Kazuyoshi Miura
100%
Quel est l'équipementier de l'équipe de France ? Nike
100%
Quel est le club qui a gagné le plus de titre en Ligue des champions Real Madrid
100%
En quelle année a eu lieu le premier championnat d'Europe ? 1960
67%
Quelle équipe a remporté le premier titre de Premier League ? Manchester United
67%
Quel est le premier club de Messi ? Newell's Old Boys
33%
Quel club est parfois appelé FC Hollywood ? Bayern Munich
0%
Quel joueur, avec 653 matchs, a fait le plus d'apparitions en Premier League ? Gareth Barry
0%
Aucun quiz correspondant
Distribution des résultats
% des personnes avec chaque résultat
Percentile par nombre de réponses
Votre historique - résultats
Vous n’avez pas pris ce quiz